[Event "Moscow Ivi GP op"]
[Site "Moscow"]
[Date "2025.03.10"]
[Round "5"]
[White "Ivanov, Oleg V"]
[Black "Aaditya, Dhingra"]
[Result "1-0"]
[WhiteElo "2390"]
[BlackElo "2421"]
[PlyCount "131"]
[EventDate "2025.03.08"]
[EventType "swiss"]
[EventRounds "10"]
[EventCountry "RUS"]
[SourceTitle "CB12_2025"]
[SourceDate "2025.03.19"]
[SourceVersion "1"]
[SourceVersionDate "2025.03.19"]
[SourceQuality "1"]

1. e4 c5 2. Nf3 e6 3. d4 cxd4 4. Nxd4 Nc6 5. Nc3 Qc7 6. Qd3 Nf6 7. Ndb5 Qb8 8. Qg3 d6 9. Be3 a6 10. Nd4 h5 11. f3 Bd7 12. 0-0-0 Be7 13. Kb1 h4 14. Qe1 Nxd4 15. Bxd4 b5 16. e5 dxe5 17. Bxe5 Qb7 18. Bd3 Bc6 19. Ne4 Bxe4 20. Bxe4 Nxe4 21. fxe4 f6 22. Bd6 Rd8 23. Bxe7 Rxd1+ 24. Qxd1 Kxe7 25. Qg4 Kf7 26. Rd1 Qc7 27. Rd3 Rc8 28. c3 Rd8 29. Qh5+ Ke7 30. Rxd8 Qxd8 31. Kc2 Qa5 32. Qxh4 Qa4+ 33. Kc1 Qxa2 34. e5 Qa1+ 35. Kc2 Qf1 36. exf6+ gxf6 37. Qh7+ Kf8 38. Qh8+ Ke7 39. Qh7+ Kf8 40. Qe4 Kf7 41. Qf3 Qc4 42. g4 Kg7 43. h4 e5 44. g5 fxg5 45. hxg5 e4 46. Qf6+ Kg8 47. Qd8+ Kf7 48. Kd2 Qe6 49. Ke3 Qf5 50. Qc7+ Kg6 51. Qf4 Qc5+ 52. Kxe4 Qc4+ 53. Ke3 Qc5+ 54. Kf3 Kh5 55. Qg4+ Kg6 56. Qe6+ Kg7 57. Qf6+ Kg8 58. g6 Qd5+ 59. Ke3 Qc5+ 60. Kf3 Qd5+ 61. Kf4 Qd2+ 62. Kf5 Qd5+ 63. Qe5 Qf3+ 64. Ke6 Qg4+ 65. Qf5 Qe2+ 66. Kf6 1-0

[Event "Moscow Ivi GP op"]
[Site "Moscow"]
[Date "2025.03.09"]
[Round "4"]
[White "Ivanov, Oleg V"]
[Black "Lisenkov, Svyatoslav"]
[Result "1-0"]
[WhiteElo "2390"]
[BlackElo "2207"]
[PlyCount "78"]
[EventDate "2025.03.08"]
[EventType "swiss"]
[EventRounds "10"]
[EventCountry "RUS"]
[SourceTitle "CB12_2025"]
[SourceDate "2025.03.19"]
[SourceVersion "1"]
[SourceVersionDate "2025.03.19"]
[SourceQuality "1"]

1. e4 c5 2. Nf3 d6 3. d4 cxd4 4. Nxd4 Nf6 5. Nc3 a6 6. Nb3 e6 7. g4 b5 8. a3 Bb7 9. Bg2 Nfd7 10. g5 Nc6 11. h4 Nce5 12. Nd4 Be7 13. f4 Nc6 14. Be3 Nb6 15. Nxc6 Bxc6 16. Qd4 Nc4 17. Qxg7 Nxe3 18. Qxh8+ Bf8 19. Bf3 Qb6 20. Rc1 Nf5 21. Ne2 Ng3 22. Qd4 Qa5+ 23. Qd2 Qxd2+ 24. Kxd2 Nxh1 25. Rxh1 Bg7 26. c3 a5 27. Nd4 Rc8 28. h5 b4 29. axb4 axb4 30. Ra1 bxc3+ 31. bxc3 Bd7 32. Ra7 Rb8 33. h6 Bf8 34. Bh5 Rd8 35. Nc6 Rc8 36. Bxf7+ Kxf7 37. Rxd7+ Ke8 38. Rxh7 Rxc6 39. g6 Rc8 1-0

[Event "Leninskiy Dokhoian Memorial Rapid"]
[Site "Leninskiy"]
[Date "2024.11.16"]
[Round "5"]
[White "Ivanov, Oleg V"]
[Black "Lavrov, Maxim"]
[Result "1-0"]
[WhiteElo "2390"]
[BlackElo "2344"]
[PlyCount "129"]
[EventDate "2024.11.16"]
[EventType "swiss (rapid)"]
[EventRounds "11"]
[EventCountry "RUS"]
[SourceTitle "CB47_2024"]
[SourceDate "2024.11.20"]
[SourceVersion "1"]
[SourceVersionDate "2024.11.20"]
[SourceQuality "1"]

1. e4 g6 2. d4 Bg7 3. Nf3 d6 4. Bc4 c6 5. Bd3 Nd7 6. 0-0 e5 7. dxe5 dxe5 8. Bc4 Ngf6 9. Re1 0-0 10. a4 Nb6 11. Qxd8 Rxd8 12. Bb3 Nbd7 13. Nbd2 Nc5 14. Bc4 Ne8 15. b3 Nd6 16. Ba3 b6 17. a5 Bg4 18. axb6 axb6 19. Bxc5 bxc5 20. Bd3 h6 21. h3 Be6 22. Nc4 Bxc4 23. bxc4 Rdb8 24. Kf1 Kf8 25. Nd2 Ke7 26. Nb3 Nb7 27. Red1 Bf8 28. Rab1 Kf6 29. Be2 Na5 30. Nxa5 Rxb1 31. Rxb1 Rxa5 32. Ke1 Ra6 33. Rb7 h5 34. Bd3 Bh6 35. Ke2 Ke6 36. h4 Bf8 37. g3 Be7 38. Ke3 Ra1 39. Kd2 Kd6 40. Be2 Rh1 41. Bf3 Rf1 42. Ke2 Rc1 43. Kd2 Rf1 44. Ke2 Rc1 45. Rb2 Bf8 46. Bg2 Bh6 47. Ra2 Rg1 48. Bf1 Rh1 49. Ra7 Ke6 50. Rc7 Bf8 51. Rxc6+ Bd6 52. Ra6 f6 53. Bg2 Rc1 54. Kd2 Rg1 55. Bh3+ Ke7 56. Ra7+ Kf8 57. Be6 Be7 58. Ra8+ Kg7 59. Rg8+ Kh6 60. Bf7 g5 61. Re8 gxh4 62. gxh4 Bd6 63. Rh8+ Kg7 64. Rg8+ Kxf7 65. Rxg1 1-0

[Event "Leninskiy Dokhoian Memorial Rapid"]
[Site "Leninskiy"]
[Date "2024.11.16"]
[Round "4"]
[White "Novozhilov, Semen"]
[Black "Ivanov, Oleg V"]
[Result "1/2-1/2"]
[WhiteElo "2332"]
[BlackElo "2390"]
[PlyCount "115"]
[EventDate "2024.11.16"]
[EventType "swiss (rapid)"]
[EventRounds "11"]
[EventCountry "RUS"]
[SourceTitle "CB47_2024"]
[SourceDate "2024.11.20"]
[SourceVersion "1"]
[SourceVersionDate "2024.11.20"]
[SourceQuality "1"]

1. Nf3 d5 2. c4 e6 3. d4 Nf6 4. g3 Be7 5. Bg2 0-0 6. Qd3 c6 7. 0-0 b6 8. b3 Nbd7 9. Rd1 Bb7 10. Nc3 a5 11. e4 dxe4 12. Nxe4 Nxe4 13. Qxe4 Nf6 14. Qc2 Ra7 15. Ne5 Qc8 16. h3 Rd8 17. Be3 c5 18. Bxb7 Qxb7 19. dxc5 Rxd1+ 20. Rxd1 bxc5 21. Qb2 h6 22. Qa3 Qc7 23. Nd3 Ne4 24. Qa4 Ra8 25. Bf4 Bd6 26. Bxd6 Qxd6 27. Nb2 Qe5 28. Qc6 Rf8 29. Re1 Qxb2 30. Rxe4 Qxa2 31. Re3 Qa3 32. h4 Rd8 33. Kg2 Qb4 34. h5 Rb8 35. Rf3 Qb6 36. Qd7 Qb7 37. Qxb7 Rxb7 38. Rd3 Kf8 39. Rd8+ Ke7 40. Ra8 Rxb3 41. Rxa5 Kd6 42. Ra7 g6 43. Rxf7 gxh5 44. Rf4 Rd3 45. Rh4 Rd4 46. Rxh5 Rxc4 47. Rxh6 Re4 48. Rh1 c4 49. Kf3 Re5 50. g4 c3 51. Rc1 Rc5 52. Ke3 c2 53. Kd3 Rd5+ 54. Kxc2 Ke5 55. Re1+ Kf4 56. Rxe6 Kxg4 57. Rf6 Rf5 58. Rxf5 1/2-1/2

[Event "Moscow Ivi GP"]
[Site "Moscow"]
[Date "2024.10.11"]
[Round "9"]
[White "Ivanov, Oleg V"]
[Black "Gorovets, Andrey"]
[Result "0-1"]
[WhiteElo "2398"]
[BlackElo "2476"]
[PlyCount "60"]
[EventDate "2024.10.05"]
[EventType "swiss"]
[EventRounds "10"]
[EventCountry "RUS"]
[SourceTitle "CB45_2024"]
[Source "ChessBase"]
[SourceDate "2024.11.06"]
[SourceVersion "1"]
[SourceVersionDate "2024.11.06"]
[SourceQuality "1"]

1. e4 c5 2. Nf3 e6 3. d4 cxd4 4. Nxd4 Nc6 5. Nc3 a6 6. Be3 Qc7 7. a3 b5 8. Nxc6 Qxc6 9. Be2 Bb7 10. 0-0 Rc8 11. Qd3 Nf6 12. Bf3 e5 13. Bg5 Bc5 14. Rfd1 0-0 15. Bxf6 Qxf6 16. Nd5 Bxd5 17. Qxd5 Rc7 18. Rd2 g6 19. Rad1 h5 20. c3 Re8 21. Qd3 Re6 22. Qe2 Qe7 23. Rd5 Rf6 24. Qd2 d6 25. Qh6 Ba7 26. R1d2 Rc5 27. R5d3 Rc4 28. Qg5 Kg7 29. Rxd6 Bxf2+ 30. Kf1 Bh4 0-1

[Event "Moscow Ivi GP"]
[Site "Moscow"]
[Date "2024.10.09"]
[Round "7"]
[White "Ivanov, Oleg V"]
[Black "Maslovskiy, Vladimir"]
[Result "1/2-1/2"]
[WhiteElo "2398"]
[BlackElo "2280"]
[PlyCount "102"]
[EventDate "2024.10.05"]
[EventType "swiss"]
[EventRounds "10"]
[EventCountry "RUS"]
[SourceTitle "CB45_2024"]
[Source "ChessBase"]
[SourceDate "2024.11.06"]
[SourceVersion "1"]
[SourceVersionDate "2024.11.06"]
[SourceQuality "1"]

1. e4 e5 2. Nf3 Nf6 3. Nxe5 d6 4. Nf3 Nxe4 5. d4 d5 6. Bd3 Bd6 7. 0-0 0-0 8. c4 c6 9. Nc3 Nxc3 10. bxc3 dxc4 11. Bxc4 Bg4 12. h3 Bh5 13. g4 Bg6 14. Ne5 b5 15. Nxg6 hxg6 16. Bd3 Nd7 17. a4 bxa4 18. Qxa4 Nb6 19. Qxc6 Rc8 20. Qf3 Rxc3 21. Bd2 Rb3 22. Rfb1 Nc4 23. Rxb3 Nxd2 24. Qd1 Qg5 25. Bf1 Nxb3 26. Qxb3 Qf4 27. Bg2 Qxd4 28. Rd1 Qf6 29. Bd5 Bc5 30. Qf3 Qe7 31. Kg2 a5 32. Bc6 Bd6 33. Qe4 Rc8 34. Qxe7 Bxe7 35. Ba4 Rc4 36. Rd7 Rxa4 37. Rxe7 g5 38. Kg3 Ra3+ 39. f3 a4 40. Ra7 Ra2 41. h4 gxh4+ 42. Kxh4 g6 43. Ra8+ Kg7 44. g5 a3 45. Kg3 Ra1 46. Kh3 f5 47. Kg3 a2 48. Ra7+ Kf8 49. Kf4 Ke8 50. Ra3 Kd7 51. Ra6 Ke7 1/2-1/2

[Event "Moscow op-A 20th"]
[Site "Moscow"]
[Date "2024.07.20"]
[Round "8"]
[White "Ivanov, Oleg V"]
[Black "Rojas Salas, Steven Javier"]
[Result "1/2-1/2"]
[WhiteElo "2408"]
[BlackElo "2172"]
[PlyCount "60"]
[EventDate "2024.07.16"]
[EventType "swiss"]
[EventRounds "9"]
[EventCountry "RUS"]
[SourceTitle "CBM 221 Extra"]
[Source "ChessBase"]
[SourceDate "2024.09.30"]
[SourceVersion "1"]
[SourceVersionDate "2024.09.30"]
[SourceQuality "1"]

1. e4 e5 2. Nf3 Nf6 3. d4 Nxe4 4. Bd3 d5 5. Nxe5 Nd7 6. Nxd7 Bxd7 7. 0-0 Bd6 8. c4 c6 9. Nc3 0-0 10. cxd5 Nxc3 11. bxc3 cxd5 12. Qh5 g6 13. Qxd5 Qc7 14. c4 Be6 15. Qf3 Bxc4 16. Bh6 Rfe8 17. Rfc1 b5 18. a4 Qe7 19. axb5 Bxd3 20. Qxd3 Qh4 21. Qh3 Qxd4 22. g3 Bf8 23. Bxf8 Rxf8 24. Rd1 Qb6 25. Qd7 Rfd8 26. Qc6 Rxd1+ 27. Rxd1 Qxc6 28. bxc6 Rc8 29. Rd7 Rxc6 30. Rxa7 Rb6 1/2-1/2

[Event "Moscow op-A 20th"]
[Site "Moscow"]
[Date "2024.07.19"]
[Round "6"]
[White "Ivanov, Oleg V"]
[Black "Vorotnikov, Vladislav V"]
[Result "1/2-1/2"]
[WhiteElo "2408"]
[BlackElo "2212"]
[PlyCount "233"]
[EventDate "2024.07.16"]
[EventType "swiss"]
[EventRounds "9"]
[EventCountry "RUS"]
[SourceTitle "CBM 221 Extra"]
[Source "ChessBase"]
[SourceDate "2024.09.30"]
[SourceVersion "1"]
[SourceVersionDate "2024.09.30"]
[SourceQuality "1"]

1. e4 e5 2. Nf3 d6 3. d4 exd4 4. Qxd4 Nc6 5. Bb5 Nge7 6. Bg5 a6 7. Bxc6+ Nxc6 8. Qe3 Be7 9. Bxe7 Qxe7 10. Nc3 Be6 11. 0-0-0 0-0-0 12. Rhe1 Rhe8 13. Qf4 f6 14. b3 h6 15. Kb2 g5 16. Qe3 f5 17. Nd4 Qd7 18. Nxc6 Qxc6 19. Qh3 fxe4 20. Qxh6 d5 21. f3 e3 22. Ne2 Qb6 23. Qxg5 d4 24. c3 d3 25. Nd4 Rxd4 26. Qxe3 Rd6 27. Rxd3 Qxe3 28. Rexe3 Kd7 29. Kc1 a5 30. Rxd6+ Kxd6 31. h4 Rh8 32. g3 b5 33. Kd2 a4 34. bxa4 bxa4 35. Re4 Bd5 36. Rxa4 Bxf3 37. Rd4+ Ke5 38. Ke3 Bd5 39. c4 Bc6 40. Rg4 Ra8 41. Rg5+ Kd6 42. Kd4 Rxa2 43. Rg6+ Kd7 44. h5 Rh2 45. h6 Ba4 46. g4 Bc2 47. Rg7+ Kd6 48. c5+ Kc6 49. g5 Rh4+ 50. Ke5 Re4+ 51. Kf6 Rf4+ 52. Ke6 Rh4 53. Re7 Rf4 54. Rg7 Rh4 55. Kf7 Bb3+ 56. Kf8 Rf4+ 57. Ke8 Rh4 58. Re7 Kxc5 59. Rxc7+ Kd6 60. Rc3 Bd5 61. Kf8 Be4 62. Rc4 Kd5 63. Ra4 Ke5 64. Kg7 Rg4 65. Ra5+ Kf4 66. Kf6 Rh4 67. Ra1 Rh5 68. Rg1 Bd3 69. Rg2 Be4 70. Rf2+ Ke3 71. Rf1 Bd3 72. Rd1 Be4 73. Ra1 Kf4 74. Ra4 Ke3 75. Ra5 Kf4 76. Rb5 Bd3 77. Rc5 Be4 78. Rc4 Ke3 79. Rc5 Kf4 80. Ra5 Bd3 81. Ra1 Be4 82. Rd1 Ke3 83. Rf1 Bd3 84. Rd1 Be4 85. Rc1 Kf4 86. Re1 Bd3 87. Re5 Rh1 88. Rd5 Be4 89. Rd2 Rh5 90. Rf2+ Ke3 91. Rf1 Bd3 92. Ra1 Kf4 93. Rd1 Be4 94. Ra1 Bd3 95. Ra5 Be4 96. Re5 Rh1 97. Re7 Rh5 98. Re8 Bd3 99. Rg8 Be4 100. Rg7 Bd3 101. Ra7 Be4 102. Ra5 Bd3 103. Ra8 Be4 104. Rg8 Bd3 105. Rd8 Be4 106. Rd1 Ke3 107. Re1+ Kf4 108. Rf1+ Ke3 109. Re1+ Kf4 110. Rg1 Bd3 111. Rg2 Be4 112. Rf2+ Ke3 113. Rf1 Bd3 114. Rd1 Be4 115. Rd8 Kf4 116. Rg8 Bd3 117. Rg7 1/2-1/2

[Event "Moscow op-A 20th"]
[Site "Moscow"]
[Date "2024.07.19"]
[Round "7"]
[White "Shkuratov, Vladimir"]
[Black "Ivanov, Oleg V"]
[Result "1/2-1/2"]
[WhiteElo "2189"]
[BlackElo "2408"]
[PlyCount "306"]
[EventDate "2024.07.16"]
[EventType "swiss"]
[EventRounds "9"]
[EventCountry "RUS"]
[SourceTitle "CBM 221 Extra"]
[Source "ChessBase"]
[SourceDate "2024.09.30"]
[SourceVersion "1"]
[SourceVersionDate "2024.09.30"]
[SourceQuality "1"]

1. e4 c5 2. Nf3 d6 3. d4 cxd4 4. Nxd4 Nf6 5. Nc3 Nc6 6. Bg5 e6 7. Qd2 Qb6 8. 0-0-0 Qxd4 9. Qxd4 Nxd4 10. Rxd4 a6 11. f3 Bd7 12. Bc4 Be7 13. Rhd1 Bc6 14. Bb3 0-0-0 15. R4d2 Kc7 16. Ne2 h6 17. Be3 d5 18. e5 Nd7 19. f4 Nc5 20. Bxc5 Bxc5 21. Nd4 g6 22. c3 Rc8 23. Bc2 Kd7 24. a4 a5 25. Rf1 h5 26. g3 Ke7 27. h4 Rc7 28. Kb1 Bd7 29. Ka2 Rb8 30. Nb5 Bxb5 31. axb5 d4 32. c4 Rd8 33. Bd3 a4 34. Rf3 Rcd7 35. Rd1 Ra8 36. Ra1 Ra5 37. Kb1 Rd8 38. Be4 Rb8 39. b3 a3 40. Ka2 Ra7 41. Rd1 Rd8 42. Bd3 Raa8 43. Re1 Rd7 44. Re2 Kd8 45. Rf1 Kc7 46. Rc1 Kb6 47. Rcc2 Ka5 48. Re4 Kb4 49. Ree2 Rc7 50. Re4 Rd8 51. Ree2 Rf8 52. Rc1 Rh8 53. Rcc2 Rg8 54. Rc1 Rf8 55. Rcc2 Re8 56. Rc1 Rd8 57. Rcc2 Rdc8 58. Rc1 Be7 59. Rcc2 Rc5 60. Re4 Rd8 61. Ree2 Rd7 62. Re4 Rc8 63. Ree2 Bc5 64. Rc1 Ka5 65. Rcc2 Kb6 66. Rc1 Kc7 67. Rcc2 Kd8 68. Rc1 Ke7 69. Rcc2 Bb4 70. Re4 Rc5 71. Rce2 Kf8 72. Kb1 Kg7 73. Ka2 Rc8 74. Kb1 Ra8 75. Ka2 Bc3 76. Rc2 Rc7 77. Rce2 Rc5 78. Rc2 Rc7 79. Rce2 Rd8 80. Kb1 Kf8 81. Ka2 Ke7 82. Kb1 Rc5 83. Ka2 Rcc8 84. Kb1 Kd7 85. Ka2 Kc7 86. Rc2 Kd7 87. Rce2 Ke8 88. Rc2 Ke7 89. Rce2 b6 90. Kb1 Bb2 91. Rc2 Rc7 92. Ka2 Bc3 93. Rce2 Re8 94. Rc2 Rc5 95. Rce2 Kf8 96. Rc2 Kg7 97. Rce2 Rd8 98. Rc2 Bb4 99. Rce2 Rc7 100. Rc2 Rdd7 101. Rce2 Be7 102. Rc2 Ra7 103. Rce2 Kf8 104. Rc2 Bc5 105. Rce2 Ke7 106. Rc2 Rdc7 107. Rce2 Bb4 108. Rc2 Rc8 109. Rce2 Bc3 110. Rc2 Bb2 111. Rce2 Bc1 112. Rxd4 Bb2 113. Rd6 Rd8 114. Rxd8 Kxd8 115. Re3 Bd4 116. Rf3 Bc5 117. Bc2 Rd7 118. Bd3 Ke7 119. Kb1 Kd8 120. Ka2 Kc7 121. Kb1 Kb8 122. Ka2 Kc8 123. Kb1 Kd8 124. Ka2 Ke8 125. Kb1 Kf8 126. Ka2 Kg7 127. Kb1 f6 128. exf6+ Kxf6 129. Ka2 Kg7 130. Kb1 Kf7 131. Ka2 Rd6 132. Kb1 Kf6 133. Ka2 e5 134. fxe5+ Kxe5 135. Kb1 Ke6 136. Ka2 Ke7 137. Kb1 Re6 138. Rf4 Bd6 139. Re4 Rxe4 140. Bxe4 Kf6 141. Ka2 Bxg3 142. Kxa3 Bxh4 143. c5 bxc5 144. b6 Bg3 145. Ka4 g5 146. Kb5 g4 147. Kxc5 h4 148. Kd4 Bf2+ 149. Kd3 Bxb6 150. Ke2 Ke5 151. Bc6 Kf4 152. Kf1 Bc5 153. Bd7 h3 1/2-1/2

[Event "Moscow-ch"]
[Site "Moscow"]
[Date "2024.03.26"]
[Round "3"]
[White "Manvelyan, Mikayel"]
[Black "Ivanov, Oleg V"]
[Result "1/2-1/2"]
[WhiteElo "2174"]
[BlackElo "2423"]
[PlyCount "112"]
[EventDate "2024.03.22"]
[EventType "swiss"]
[EventRounds "7"]
[EventCountry "RUS"]
[SourceTitle "CBM 219 Extra"]
[Source "ChessBase"]
[SourceDate "2024.05.31"]
[SourceVersion "1"]
[SourceVersionDate "2024.05.31"]
[SourceQuality "1"]

1. d4 d5 2. Nf3 Nf6 3. c4 c6 4. g3 Bg4 5. Bg2 e6 6. Ne5 Bf5 7. Nc3 Nbd7 8. 0-0 Be7 9. h3 h6 10. g4 Bh7 11. f4 0-0 12. Be3 Nxe5 13. dxe5 Nd7 14. cxd5 cxd5 15. Bd4 f6 16. exf6 Bxf6 17. f5 exf5 18. gxf5 Bxf5 19. Bxf6 Qxf6 20. Qxd5+ Kh8 21. Kh1 Qe6 22. Qxe6 Bxe6 23. Rxf8+ Rxf8 24. Rd1 Nf6 25. Rd6 Re8 26. Kh2 b6 27. a3 Kg8 28. Bf3 Re7 29. Nb5 Bc4 30. Nd4 Rd7 31. Rxd7 Nxd7 32. b3 Bf7 33. b4 Ne5 34. Be4 Nc4 35. Bd3 Nxa3 36. Nc6 Be8 37. Nxa7 Bd7 38. Kg3 Kf7 39. h4 g5 40. hxg5 hxg5 41. b5 Ke7 42. Nc6+ Kd6 43. Nd4 Kc5 44. Nf3 Bxb5 45. Bxb5 Nxb5 46. Nxg5 Nc3 47. Kf2 b5 48. Ke3 Kc4 49. Nf3 Nd5+ 50. Kd2 b4 51. Ne5+ Kb5 52. Nd3 b3 53. e4 Nf6 54. Kc3 Nxe4+ 55. Kxb3 Nc5+ 56. Nxc5 Kxc5 1/2-1/2

[Event "Moscow Aeroflot op-A"]
[Site "Moscow"]
[Date "2024.03.07"]
[Round "9"]
[White "Ivanov, Oleg V"]
[Black "Kovanova, Baira"]
[Result "1-0"]
[WhiteElo "2423"]
[BlackElo "2304"]
[PlyCount "49"]
[EventDate "2024.03.03"]
[EventType "swiss"]
[EventRounds "9"]
[EventCountry "RUS"]
[SourceTitle "CBM 219 Extra"]
[Source "ChessBase"]
[SourceDate "2024.05.31"]
[SourceVersion "1"]
[SourceVersionDate "2024.05.31"]
[SourceQuality "1"]

1. e4 e5 2. Nf3 Nc6 3. Bb5 a6 4. Ba4 Nf6 5. 0-0 Be7 6. Re1 b5 7. Bb3 0-0 8. c3 d5 9. exd5 Nxd5 10. Nxe5 Nxe5 11. Rxe5 c6 12. d3 Bd6 13. Re1 Qh4 14. g3 Qh3 15. Re4 Nf6 16. Rh4 Qf5 17. Nd2 Ng4 18. Ne4 Be7 19. f3 Ne5 20. Rf4 Qh5 21. Nf2 Bb7 22. g4 Qh4 23. Rf5 Rae8 24. Rxe5 Bd6 25. Bg5 1-0

[Event "Moscow-ch op Superfinal"]
[Site "Ershovo"]
[Date "2024.02.29"]
[Round "9"]
[White "Arakelyan, Manvel"]
[Black "Ivanov, Oleg V"]
[Result "0-1"]
[WhiteElo "2023"]
[BlackElo "2423"]
[PlyCount "100"]
[EventDate "2024.02.23"]
[EventType "swiss"]
[EventRounds "10"]
[EventCountry "RUS"]
[SourceTitle "CBM 219 Extra"]
[Source "ChessBase"]
[SourceDate "2024.05.31"]
[SourceVersion "1"]
[SourceVersionDate "2024.05.31"]
[SourceQuality "1"]

1. e4 c5 2. c3 Nf6 3. e5 Nd5 4. d4 cxd4 5. Nf3 Nc6 6. cxd4 d6 7. Bc4 Nb6 8. Bb5 dxe5 9. Nxe5 Bd7 10. Nc3 e6 11. 0-0 Be7 12. Qg4 Bf6 13. Re1 0-0 14. Bf4 a6 15. Bd3 Nb4 16. Be4 Bc6 17. Bxc6 Nxc6 18. Ne4 Nd5 19. Nxc6 bxc6 20. Be5 Kh8 21. Rac1 Bxe5 22. dxe5 Qb8 23. Qe2 Qxe5 24. Rxc6 a5 25. Nc3 Qxe2 26. Rxe2 Rfc8 27. Rxc8+ Rxc8 28. Rc2 Kg8 29. Kf1 Kf8 30. g3 a4 31. a3 Nxc3 32. Rxc3 Rxc3 33. bxc3 Ke7 34. Ke2 Kd6 35. Kd3 Kc5 36. f4 f6 37. g4 g5 38. fxg5 fxg5 39. h3 Kd5 40. c4+ Kc5 41. Kc3 e5 42. Kd3 h6 43. Ke4 Kxc4 44. Kxe5 Kb3 45. Kd4 Kxa3 46. Kc3 Ka2 47. Kc2 a3 48. Kc1 Kb3 49. Kb1 a2+ 50. Ka1 Ka3 0-1

[Event "Moscow-ch op Superfinal"]
[Site "Ershovo"]
[Date "2024.02.24"]
[Round "3"]
[White "Ivanov, Oleg V"]
[Black "Manvelyan, Mikayel"]
[Result "1-0"]
[WhiteElo "2423"]
[BlackElo "2098"]
[PlyCount "224"]
[EventDate "2024.02.23"]
[EventType "swiss"]
[EventRounds "10"]
[EventCountry "RUS"]
[SourceTitle "CBM 219 Extra"]
[Source "ChessBase"]
[SourceDate "2024.05.31"]
[SourceVersion "1"]
[SourceVersionDate "2024.05.31"]
[SourceQuality "1"]

1. e4 e5 2. Nf3 Nc6 3. Bb5 a6 4. Ba4 Nf6 5. 0-0 Nxe4 6. d4 b5 7. Bb3 d5 8. dxe5 Be6 9. c3 Bc5 10. Qd3 Be7 11. Rd1 Nc5 12. Qe2 Nxb3 13. axb3 Bf5 14. Be3 0-0 15. c4 Nb4 16. cxd5 Bc2 17. Rd4 Bxb1 18. Rxb1 Nxd5 19. Rc1 Qd7 20. Bg5 Bxg5 21. Nxg5 Qf5 22. Rxd5 Qxg5 23. Rxc7 Rad8 24. Rxd8 Rxd8 25. g3 h6 26. e6 fxe6 27. Qxe6+ Kh8 28. Rc8 Rxc8 29. Qxc8+ Kh7 30. Qxa6 Qd5 31. Qa1 Qxb3 32. Qb1+ Kh8 33. h4 b4 34. Qc1 Qd3 35. Qe1 b3 36. Qe5 Qc2 37. Qd4 h5 38. Qe5 Qd1+ 39. Kg2 Kh7 40. Qf5+ Kg8 41. Qf3 Qc2 42. Qd5+ Kf8 43. Qd4 Qc6+ 44. Kf1 Qc2 45. Qe5 g6 46. Qf6+ Ke8 47. Kg2 Qe4+ 48. Qf3 Qc2 49. Qe3+ Kf7 50. Qe5 Qc6+ 51. Kf1 Qc2 52. Ke1 Kf8 53. Qf4+ Kg8 54. Qf6 Qd3 55. Qe5 Kf7 56. Qf4+ Kg8 57. Qf6 Qc2 58. Kf1 Qd3+ 59. Kg1 Qb1+ 60. Kh2 Qc2 61. g4 hxg4 62. Kg3 Kh7 63. Kxg4 Qe4+ 64. Kg3 Qd3+ 65. Kf4 Qc2 66. Qd4 Qf5+ 67. Ke3 Qc2 68. Qd7+ Kh6 69. Qd2 Qc4 70. Qd4 Qc1+ 71. Ke2 Kh5 72. Qd5+ Kxh4 73. Qxb3 Qa1 74. Qb5 g5 75. Qb4+ Kh5 76. Qd4 g4 77. Qe5+ Kg6 78. Kd2 Qa8 79. Qd4 Kf5 80. b4 Qa2+ 81. Kc3 Qa1+ 82. Kc4 Qa2+ 83. Kc5 Qa7+ 84. Kd5 Qa8+ 85. Kc4 Qa2+ 86. Kb5 Qa8 87. Qd6 Qb7+ 88. Kc4 Qe4+ 89. Qd4 Qc2+ 90. Kd5 Qa4 91. Kd6 Kg5 92. Qc5+ Kh4 93. b5 Qa8 94. Kc7 Qa5+ 95. Kb7 Qa2 96. b6 Qf7+ 97. Kc8 Qe8+ 98. Kc7 Qf7+ 99. Kd8 Kh3 100. Qe3+ Kg2 101. Qg3+ Kh1 102. Qh4+ Kg2 103. Qxg4+ Kh1 104. Qe4+ Kg1 105. f4 Qf8+ 106. Kd7 Qf7+ 107. Kc6 Qf6+ 108. Kc5 Qf8+ 109. Kb5 Qf6 110. b7 Qb2+ 111. Kc5 Qf2+ 112. Qd4 Kh1 1-0

[Event "Moscow op-A 18th"]
[Site "Moscow"]
[Date "2022.07.19"]
[Round "8"]
[White "Parpiev, Isaak"]
[Black "Ivanov, Oleg V"]
[Result "0-1"]
[WhiteElo "2165"]
[BlackElo "2444"]
[PlyCount "112"]
[EventDate "2022.07.14"]
[EventType "swiss"]
[EventRounds "9"]
[EventCountry "RUS"]
[SourceTitle "CBM 209 Extra"]
[Source "ChessBase"]
[SourceDate "2022.09.30"]
[SourceVersion "1"]
[SourceVersionDate "2022.09.30"]
[SourceQuality "1"]

1. e4 e5 2. Nf3 Nc6 3. Bc4 Nf6 4. d3 Bc5 5. c3 d6 6. a4 a6 7. Nbd2 0-0 8. 0-0 Ba7 9. h3 Re8 10. Re1 Be6 11. Bxe6 Rxe6 12. Nf1 h6 13. Ng3 d5 14. Qe2 Qd7 15. Nh4 Rd8 16. Qf3 dxe4 17. dxe4 Rd6 18. Ngf5 Rd3 19. Nxh6+ Kh7 20. Qf5+ Qxf5 21. N6xf5 Rd1 22. Bg5 Bxf2+ 23. Kxf2 Rxa1 24. Bxf6 Rxe1 25. Bxd8 Rxe4 26. Bxc7 Rxa4 27. Nf3 Ra2 28. Ke3 Rxb2 29. g4 f6 30. h4 a5 31. g5 a4 32. Bd6 Rb3 33. Kd3 e4+ 34. Kxe4 Rxc3 35. h5 a3 36. g6+ Kg8 37. h6 gxh6 38. Bxa3 Rxa3 39. N3h4 Ra4+ 40. Kd5 Rxh4 41. Nxh4 Kg7 42. Kc5 Ne7 43. Kd6 Ng8 44. Kc5 h5 45. Kb6 Kh6 46. Kxb7 Kg5 47. Nf3+ Kxg6 48. Kc6 Kf5 49. Kd6 Kf4 50. Nh4 Kg4 51. Ng2 h4 52. Ke6 h3 53. Ne3+ Kf3 54. Nf1 Kf2 55. Nh2 Kg2 56. Ng4 h2 0-1

[Event "Moscow op-A 18th"]
[Site "Moscow"]
[Date "2022.07.15"]
[Round "3"]
[White "Ivanov, Oleg V"]
[Black "Lintchevski, Daniil"]
[Result "1/2-1/2"]
[WhiteElo "2444"]
[BlackElo "2556"]
[PlyCount "92"]
[EventDate "2022.07.14"]
[EventType "swiss"]
[EventRounds "9"]
[EventCountry "RUS"]
[SourceTitle "CBM 209 Extra"]
[Source "ChessBase"]
[SourceDate "2022.09.30"]
[SourceVersion "1"]
[SourceVersionDate "2022.09.30"]
[SourceQuality "1"]

1. e4 c5 2. Nf3 Nc6 3. d4 cxd4 4. Nxd4 e5 5. Nb5 d6 6. c4 g6 7. N1c3 a6 8. Na3 Bg7 9. Nc2 Nf6 10. Be2 0-0 11. Bg5 Be6 12. 0-0 Rc8 13. Nd5 Bxd5 14. cxd5 Nd4 15. Nxd4 exd4 16. Bd3 Qb6 17. Bxf6 Bxf6 18. Qd2 Rc7 19. f4 Re8 20. g3 a5 21. h4 Qb4 22. Qxb4 axb4 23. a3 b3 24. Kf2 Rec8 25. Ke2 b5 26. a4 bxa4 27. Rxa4 Rb8 28. Rfa1 Kg7 29. Ra7 Rxa7 30. Rxa7 h5 31. Ra6 Be7 32. Kd2 Rb7 33. Bc4 d3 34. Bxd3 Bf6 35. Rxd6 Bxb2 36. e5 Bd4 37. e6 b2 38. Rd7 Rxd7 39. exd7 Bb6 40. Kc2 Kf6 41. f5 Ke7 42. fxg6 fxg6 43. Bxg6 Bf2 44. Bxh5 Bxg3 45. Bg4 b1B+ 46. Kxb1 Bxh4 1/2-1/2

[Event "Titled Tuesday intern op 23rd Nov"]
[Site "Chess.com INT"]
[Date "2021.11.23"]
[Round "7"]
[White "Ivanov, Oleg V"]
[Black "Jumabayev, Rinat"]
[Result "1/2-1/2"]
[WhiteElo "2458"]
[BlackElo "2658"]
[PlyCount "166"]
[EventDate "2021.11.23"]
[EventType "swiss (blitz)"]
[EventRounds "11"]
[EventCountry "USA"]
[SourceTitle "CBM 205 Extra"]
[Source "ChessBase"]
[SourceDate "2022.01.31"]
[SourceVersion "1"]
[SourceVersionDate "2022.01.31"]
[SourceQuality "1"]

1. e4 c5 2. Nf3 d6 3. d4 cxd4 4. Nxd4 Nf6 5. f3 e5 6. Nb3 d5 7. Bg5 Be6 8. Bxf6 gxf6 9. exd5 Qxd5 10. Qxd5 Bxd5 11. Nc3 Be6 12. 0-0-0 Nc6 13. Bb5 Rc8 14. Na5 a6 15. Nxc6 axb5 16. Na7 Rxc3 17. bxc3 Bc4 18. Kb2 Bc5 19. Nc8 0-0 20. Nd6 Be6 21. Nxb5 Ra8 22. Nc7 Rxa2+ 23. Kb1 Bc4 24. Rd8+ Kg7 25. Rc8 Ra5 26. Rd1 Kg6 27. Rd7 Ba2+ 28. Kb2 Bc4 29. Ra8 Ba7 30. Rd1 Rc5 31. Rxa7 Rxc7 32. Rd6 Bf1 33. g3 Bg2 34. f4 e4 35. Kc1 e3 36. Kd1 Bf3+ 37. Ke1 Rxc3 38. Rd3 Rxc2 39. Rxe3 Bc6 40. h4 Kf5 41. Raa3 h5 42. Rac3 Rg2 43. Re2 Rg1+ 44. Kf2 Rd1 45. Rce3 Rd7 46. Rc2 Rd4 47. Rb2 Rc4 48. Rd3 Kg6 49. Rdb3 Be4 50. Re3 Bc6 51. Rd2 b5 52. Rb2 b4 53. Ree2 Bd5 54. Rec2 Be6 55. Rxc4 Bxc4 56. Rxb4 Be6 57. Rb5 Bg4 58. Ra5 Be6 59. Ke3 Bg4 60. Kd4 Be6 61. Ke4 Bg4 62. f5+ Kg7 63. Kf4 Bh3 64. Rb5 Bg4 65. Rb4 Bh3 66. Rb5 Bg4 67. Rc5 Bh3 68. Rd5 Bg4 69. Ra5 Bh3 70. Rc5 Bg4 71. Ke3 Bh3 72. Kd4 Bg4 73. Kc4 Bh3 74. Kb5 Bg4 75. Kc6 Kf8 76. Kd6 Bh3 77. Kd7 Bg4 78. Kd6 Bh3 79. Kc7 Bg4 80. Kd8 Bh3 81. Kd7 Bg4 82. Rc8+ Kg7 83. Rc5 Kf8 1/2-1/2